00247nam a2200097 a 4500008004100000050001900041100002800060245004100088260001100129350000900140120416s1965 xx |||||||||||||| || u aNA 9093.A4 Sey aSeymour, Desiree Picton10aHistorical buildings in South Africa c[1965] a0.00